000 00475nmm a2200157Ia 4500
008 251105s9999||||xx |||||||||||||||||und||
041 _aspa
100 _aMoreno, Falele
245 0 _aAvid Media Composer
264 _a[Madrid, España] :
_bMinisterio de Educación, Cultura y Deporte de España,
_c2016
300 _a302 páginas
490 _aAula Mentor
650 _aTechnology and computing
856 _uhttps://public.digitaliapublishing.com/a/41700
942 _cCF
999 _c98443
_d98443